Culture Générale - Série 1595 - Statistiques

Statistiques générales
  • Ce quiz a été pris 344 fois
  • Le résultat moyen est 5 sur 10
Statistiques - réponses
Question Réponse % Correct
D'après Oscar Wilde, "il faut toujours viser la lune car même en cas d'échec, on atterrit dans les... étoiles
77%
Quel rite d'initiation estudiantin est devenu un délit en France, depuis la loi du 17 juin 1998 ? bizutage
76%
Quelle actrice (initiales : AT) incarne Mathilde, l'héroïne du film "Un long dimanche de fiançailles" ? Audrey Tautou
61%
Quel romancier et poète danois a publié, au XIXe siècle, le conte : "La Princesse au petit pois" ? Andersen
59%
Selon l'expression, pour ne pas oublier quelque chose, il faut "faire un noeud à son... mouchoir
57%
Quel chanteur britannique interprète le tube "Another Day In Paradise" en 1989 ? Phil Collins
39%
À quel écrivain américain doit-on le récit "Sur la route", livre-culte de la Beat generation ? Jack Kerouac
34%
Quelle ville du sud de la France était l'une des neuf "Villes européennes de la Culture", en l'an 2000 ? Avignon
33%
Quel récent représentant de la France à l'Eurovision, prénommé Jessy, chante le titre "Bomba" en 2010 ? Jessy Matador
20%
Dans un film de Jan Kounen de 2004, quel personnage de BD a inspiré son rôle à Vincent Cassel ? Blueberry
8%
Aucun quiz correspondant
Distribution des résultats
% des personnes avec chaque résultat
Percentile par nombre de réponses
Votre historique - résultats
Vous n’avez pas pris ce quiz